000 00222nam a2200097Ia 4500
005 20251222114417.0
008 251222s1900||||xx |||||||||||||| ||spa||
082 _aDVD0070/S82/2010/Ej.2
245 0 _aWall street:
942 _cDVD
999 _c2253
_d2253